Statistics for Biggest Urban Areas in the United Kingdom - Extreme

Click here to take the quiz!

General Stats

  • This quiz has been taken 614 times
  • The average score is 41 of 79

Answer Stats

PopulationCity% Correct
10,356,574London
100%
2,626,139Manchester
100%
2,509,741Birmingham
99%
1,824,753Leeds
99%
990,900Glasgow
97%
878,052Liverpool
96%
504,390Edinburgh
95%
459,622Cardiff
94%
788,782Newcastle upon Tyne
93%
606,150Belfast
90%
648,816Bristol
90%
753,777Nottingham
88%
703,920Sheffield
88%
885,693Southampton
87%
214,470Aberdeen
86%
526,018Leicester
84%
167,622Cambridge
83%
179,773Oxford
83%
304,250Swansea
83%
492,020Brighton and Hove
79%
266,497Plymouth
79%
316,408Kingston upon Hull
78%
161,654York
78%
222,943Norwich
76%
158,250Dundee
69%
329,062Reading
69%
377,439Stoke-on-Trent
69%
483,318Bournemouth
68%
276,071Derby
67%
388,495Coventry
64%
100,231Bath
63%
181,536Ipswich
63%
126,689Exeter
62%
380,643Middlesbrough
62%
238,725Blackpool
61%
337,786Sunderland
61%
226,513Northampton
59%
319,544Preston
56%
119,682Lincoln
53%
272,692Luton
52%
157,611Gloucester
50%
310,557Newport
48%
172,968Peterborough
48%
240,637Milton Keynes
47%
145,775Blackburn
45%
192,481Swindon
45%
104,439Worcester
45%
131,535Colchester
43%
159,973Doncaster
36%
231,733Barnsley
34%
169,778Slough
34%
150,580Burnley
31%
178,127Wigan
31%
101,388Lancaster
30%
111,941Bedford
29%
115,224Chelmsford
29%
117,546Cheltenham
29%
122,489Eastbourne
26%
133,995Grimsby
26%
113,618Chesterfield
25%
302,716Southend-on-Sea
25%
170,148Warrington
24%
326,403Birkenhead
23%
151,229Telford
22%
113,207Basingstoke
21%
135,718Hastings
20%
115,166Maidstone
20%
188,323Crawley
19%
176,964Mansfield
18%
255,020Gillingham
17%
130,498Margate
14%
151,709Basildon
12%
137,312High Wycombe
12%
101,970Falkirk
9%
256,912Farnborough
9%
124,500Motherwell
8%
117,800Paignton
7%
126,034Accrington
6%
127,404Burton upon Trent
5%

Score Distribution

Percentile by Number Answered

Percent of People with Each Score

Your Score History

You have not taken this quiz